000 00883cam a2200253 i 4500
001 bg
003 KOSZ 005
005 20200505121615.0
008 080623s1964 pl a f f |000 0 pol
015 _aPB 1964/2949
040 _aWA N
_cKOSZ 005/HR
_dKOSZ 005/HR
080 _a514.18
080 _a(075.8)
100 1 _aGrochowski, Bogusław
_d(1923-2011)
_eAutor
245 1 0 _aGeometria wykreślna :
_bdla wydziałów budowlanych.
_nCz. 1 /
_cBogusław Grochowski.
250 _aWyd. 2.
260 _aŁódź :
_bPaństwowe Wydawnictwo Naukowe,
_c1964.
300 _a304 s. :
_bil. ;
_c24 cm.
521 8 _aSkrypt dla studentów wyższych szkół technicznych.
655 4 _aPodręczniki akademickie
650 4 _aGeometria wykreślna
856 _uhttp://koha.tu.koszalin.pl/cgi-bin/koha/opac-detail.pl?biblionumber=15995
_yKatalog online BPK
942 _2UKD
_cKS
999 _c15995
_d15995